000 00472nam a22001697a 4500
003 OSt
005 20241118143226.0
007 932 pages
008 241118b |||||||| |||| 00| 0 eng d
020 _a9789332542600
040 _c
082 _211
_a621.38173/BOY
_bBOY
245 _aElectronic Devices and circuit theory
_cBoylestad,Robert L
250 _a11
260 _bPearson
_c2015
942 _2ddc
_cBK
_e11
_h621.38173/BOY
_k621.38173
_mBOY
_n0
999 _c36109
_d36109